000 01474cam a2200361 i 4500
001 37513
003 Mx-PuUPA
005 20250818125622.0
008 140415s2015 mx ad gr 000 0 spa d
020 _a9786070270109
_qrústica
020 _a9786070269875
_qcolección rústica
040 _aMx-PuUPA
_bspa
_cMx-PuUPA
_dMx-PuUPA
_erda
041 0 _aspa
043 _an-mx---
245 0 0 _aPercepciones sobre el federalismo en México :
_bencuesta nacional de federalismo /
_cDaniel A. Barceló Rojas, José Ma. Serna de la Garza, Diego Valadés
250 _aPrimera edición /
_bagosto
264 1 _aMéxico, D.F. :
_bUniversidad Nacional Autónoma de México,
_c2015
300 _a172 páginas :
_bilustraciones, gráficas ;
_c23 cm
336 _2rdacontent
_atexto
_btxt
337 _2rdamedia
_asin medio
_bn
338 _2rdacarrier
_avolumen
_bnc
490 0 _aLos mexicanos vistos por sí mismos. Los grandes temas nacionales ;
_v23
650 7 _2armarc
_aGobierno federal
_zMéxico
_ySiglo XXI
_xEncuestas de la opinión pública
651 4 _aMéxico
_xPolítica y gobierno
_y2000
_zOpinión pública
700 1 _aBarceló Rojas, Daniel Armando,
_eautor
_91600
700 1 _aSerna de la Garza, José Ma.,
_eautor
700 1 _aValadés, Diego,
_eautor
942 _2ddc
_cLI
_h351.72
_iP47
999 _c37513
_d37513